Minecraft Enchantments - Statistics

General Stats
  • This quiz has been taken 2,195 times
    1,928 since last reset
  • The average score is 30 of 39
Answer Stats
Usable on Level Enchantment % Correct
Axe, Sword V Sharpness
96%
Everywhere I Mending
95%
Everywhere III Unbreaking
94%
Armor IV Protection
92%
Bow I Infinity
89%
Tools V Efficiency
88%
Bow I Flame
88%
Fishing Rod III Luck of the Sea
88%
Boots IV Feather Falling
87%
Sword II Fire Aspect
86%
Armor IV Fire Protection
86%
Bow V Power
86%
Armor IV Blast Protection
84%
Tools III Fortune
83%
Bow II Punch
79%
Tools I Silk Touch
79%
Axe, Sword V Smite
79%
Sword II Knockback
77%
Armor III Thorns
76%
Helmet I Aqua Affinity
75%
Axe, Sword V Bane of Arthropods
75%
Sword III Looting
75%
Boots II Frost Walker
74%
Trident III Loyalty
74%
Crossbow I Multishot
74%
Armor IV Projectile Protection
74%
Fishing Rod III Lure
73%
Crossbow IV Piercing
72%
Boots III Soul Speed
70%
Sword III Sweeping Edge
70%
Trident I Channeling
69%
Helmet III Respiration
69%
Leggings III Swift Sneak
68%
Boots III Depth Strider
67%
Trident III Riptide
66%
Armor, Elytra I Curse of Binding
61%
Everything I Curse of Vanishing
60%
Trident V Impaling
55%
Crossbow III Quick Charge
55%
No matching quizzes found
Score Distribution
Percent of People with Each Score
Percentile by Number Answered
Your Score History
You have not taken this quiz since the last reset